00369nam a2200121Ia 4500003000400000005001700004008004100021040001800062041000800080100004600088245008000134260003300214OSt20260121154110.0211028s2015 xx 000 0 und d cAIMIT LIBRARY aeng aCardoz, Chloe Mina;Thomas, Babu.g1316027 aStudy on the effectiveness of training and development at holiday inn Goa / aMangalorebBabu Thomasc2015